MARC details
| 000 -CABECERA |
| campo de control de longitud fija |
01960nam a2200277 a 4500 |
| 003 - IDENTIFICADOR DEL NÚMERO DE CONTROL |
| campo de control |
MX-MxUPN |
| 005 - FECHA Y HORA DE LA ÚLTIMA TRANSACCIÓN |
| campo de control |
20231101063747.0 |
| 008 - ELEMENTOS DE LONGITUD FIJA--INFORMACIÓN GENERAL |
| campo de control de longitud fija |
200131s2015 mx rb 000 0 spa d |
| 020 ## - NÚMERO INTERNACIONAL NORMALIZADO PARA LIBROS |
| Número Internacional Estándar del Libro |
9786070262333 |
| 035 ## - NÚMERO DE CONTROL DEL SISTEMA |
| Número de control de sistema |
UPN01000235247 |
| 040 ## - FUENTE DE LA CATALOGACIÓN |
| Centro catalogador/agencia de origen |
MX-MxUPN |
| Lengua de catalogación |
spa |
| Centro/agencia transcriptor |
MX-MxUPN |
| 041 0# - CÓDIGO DE IDIOMA |
| Código de lengua del texto/banda sonora o título independiente |
spa |
| 050 14 - SIGNATURA TOPOGRÁFICA DE LA BIBLIOTECA DEL CONGRESO |
| Número de clasificación |
F1210 |
| Número de documento/Ítem |
F6.6 |
| 245 00 - MENCIÓN DE TÍTULO |
| Título |
Formación de identidades, nación y espacio público / |
| Mención de responsabilidad, etc. |
coords. J. Alejandro Salcedo Aquino, Arturo Torres Barreto. |
| 250 ## - MENCIÓN DE EDICIÓN |
| Mención de edición |
Primera edición. |
| 260 ## - PUBLICACIÓN, DISTRIBUCIÓN, ETC. |
| Lugar de publicación, distribución, etc. |
México, D.F. : |
| Nombre del editor, distribuidor, etc. |
UNAM, Facultad de Estudios Superiores Acatlán, |
| Fecha de publicación, distribución, etc. |
2015. |
| 300 ## - DESCRIPCIÓN FÍSICA |
| Extensión |
253 páginas |
| 504 ## - NOTA DE BIBLIOGRAFÍA, ETC. |
| Nota de bibliografía, etc. |
Incluye referencias bibliográficas. |
| 505 0# - NOTA DE CONTENIDO CON FORMATO PREESTABLECIDO |
| Título |
Identidad y tradición en los tiempos actuales / |
| Mención de responsabilidad |
Sara Luz Alvarado Aranda -- |
| Título |
El símbolo como presupuesto de la formación humanista / |
| Mención de responsabilidad |
J. Alejandro Salcedo Aquino -- |
| Título |
Modernidad, educación e identidad en Nuestra América de José Martí / |
| Mención de responsabilidad |
María del Rocío Montiel Toledo -- |
| Título |
La perspectiva intercultural en educación: una vía de formación. Hacia una ciudadanía responsable en México / |
| Mención de responsabilidad |
Gabriela Vivar Martínez -- |
| Título |
Convergencia de la identidad al indigenismo. De allí a la interculturalidad bilingüe y a la Universidad Intercultural / |
| Mención de responsabilidad |
Héctor Díaz Zermeño -- |
| Título |
Etnonaciones y nación en México. La conflictiva relación con los pueblos indígenas / |
| Mención de responsabilidad |
Arturo Torres Barreto -- |
| Título |
Sobre la identidad nacional y el nacionalismo en la era global / |
| Mención de responsabilidad |
Georgina Villafranca López -- |
| Título |
El espacio y su incidencia en la formación de las personas / |
| Mención de responsabilidad |
Blanca Estela Aranda Juárez -- |
| Título |
Globalización y administración pública: las organizaciones red en la construcción del espacio público / |
| Mención de responsabilidad |
Juan José Sanabria López. |
| 650 #4 - ASIENTO SECUNDARIO DE MATERIA - TERMINO TEMATICO |
| Término de materia o nombre geográfico como elemento de entrada |
Características nacionales mexicanas |
| 9 (RLIN) |
6726 |
| 650 #7 - ASIENTO SECUNDARIO DE MATERIA - TERMINO TEMATICO |
| Término de materia o nombre geográfico como elemento de entrada |
Nacionalismo |
| Subdivisión geográfica |
México |
| Fuente del encabezamiento o término |
|
| 9 (RLIN) |
15190 |
| 651 #4 - ASIENTO SECUNDARIO DE MATERIA - NOMBRE GEOGRAFICO |
| Nombre geográfico |
México |
| Subdivisión general |
Vida social y costumbres |
| 9 (RLIN) |
5816 |
| 700 1# - ASIENTO SECUNDARIO--NOMBRE DE PERSONAL |
| Nombre de persona |
Salcedo Aquino, José Alejandro |
| 9 (RLIN) |
43615 |
| Término indicativo de función/relación |
coord. |
| 905 ## - TIPO DE MATERIAL |
| Tipo de material |
Libro |